000 00550cam a22002291 4500
001 sa 67005769
003 DLC
005 20260227112400.0
008 940805s1966 ii 000 1 pano
010 _asa 67005769
025 _aPL480:I-Pu-779
035 _a(OCoLC)30890854
040 _aDLC
_cCU
_dCU
_dDLC
042 _apremarc
050 0 0 _aPK2658
_b.S2
100 0 _aPāndhī Nanakāṇawī,
_d1929-
245 1 0 _aKāfale.
260 _c[1966]
300 _a230 p.
_c19 cm.
500 _aIn Panjabi.
650 0 _aShort stories, Panjabi.
999 _c75436
_d75436